| 000 | 00394nam a22001097a 4500 | ||
|---|---|---|---|
| 008 | 230606b xxu||||| |||| 00| 0 eng d | ||
| 082 |
_a341.24921 _bPAN |
||
| 245 | _aReport of the Pan-African Parliament Seminar on the Harmonisation of Regional Economic Communities and Regional Parliamentary Assemblies | ||
| 260 |
_aArusha,Tanzania _bPan-African Parliament _c2006 |
||
| 300 | _a47p | ||
| 942 |
_2ddc _cBK |
||
| 999 |
_c705 _d705 |
||